| 000 | 01365nam a2200349 i 4500 | ||
|---|---|---|---|
| 001 | 000017918 | ||
| 003 | DO-SdBNP | ||
| 005 | 20251120073732.0 | ||
| 007 | ta | ||
| 008 | 100407s1979 dr c 000 0 spa d | ||
| 040 |
_aDO-SdBNP _bspa _cBNPHU _erda |
||
| 041 | _aspa | ||
| 082 | 4 |
_a972.9356 _bD632v _222 |
|
| 100 | 1 |
_aDobal, Carlos, _d1926- _eautor _4aut. _938869 |
|
| 245 | 1 | 3 |
_aLa verdad sobre Jacagua / _cCarlos Dobal ; prólogo, Agripino Núñez Collado ; correcciones, Apolinar Núñez, José Alcántara Almánzar. |
| 264 | 1 |
_aSanto Domingo : _bUCMM, _c1979. |
|
| 300 |
_a140 páginas ; _bilustraciones, retratos ; _c23 cm. |
||
| 336 |
_atexto _btxt _2rdacontent |
||
| 337 |
_asin mediación _bn _2rdamedia |
||
| 338 |
_avolumen _bnc _2rdacarrier |
||
| 490 | 0 |
_aEstudios ; _v32 |
|
| 500 | _aIncluye datos biográficos del autor en la contracubierta. | ||
| 504 | _aBibliografía: p. 129-131 | ||
| 590 | _aInventariado, 2024/ YL | ||
| 651 | 4 |
_aJacagua (República Dominicana) _xHistoria _938870 |
|
| 700 | 1 | 2 |
_aNúñez Collado, Agripino _d1933-2022 _eprologuista _4pr. _98457 |
| 700 | 1 | 2 |
_aNúñez, Apolinar, _ecorrector _4corr. _914150 |
| 700 | 1 | 2 |
_aAlcántara Almánzar, José _d1946- _ecorrector _4corr. _97018 |
| 710 | 2 |
_aPontificia Universidad Católica Madre y Maestra _9843 |
|
| 910 | _aYLockward/ Validado. Control de calidad MFF | ||
| 942 |
_2ddc _cLBS1 |
||
| 999 |
_c17442 _d17442 |
||